Key determinants of national development : (Record no. 231)
[ view plain ]
| 000 -LEADER | |
|---|---|
| fixed length control field | 00788cam a2200217 i 4500 |
| 001 - CONTROL NUMBER | |
| control field | 18605337 |
| 005 - DATE AND TIME OF LATEST TRANSACTION | |
| control field | 20241025194616.0 |
| 008 - FIXED-LENGTH DATA ELEMENTS--GENERAL INFORMATION | |
| fixed length control field | 150506s2015 enka b 001 0 eng |
| 020 ## - INTERNATIONAL STANDARD BOOK NUMBER | |
| International Standard Book Number | 9781472462831 (hardback : alk. paper) |
| 020 ## - INTERNATIONAL STANDARD BOOK NUMBER | |
| Canceled/invalid ISBN | 9781472462848 (ebook) |
| 020 ## - INTERNATIONAL STANDARD BOOK NUMBER | |
| Canceled/invalid ISBN | 9781472462855 (epub) |
| 050 00 - LIBRARY OF CONGRESS CALL NUMBER | |
| Classification number | HC59.7 |
| Item number | .A8218 2015 |
| 082 00 - DEWEY DECIMAL CLASSIFICATION NUMBER | |
| Classification number | 338.9109172/4 |
| Edition information | 23 |
| 100 1# - MAIN ENTRY--PERSONAL NAME | |
| Personal name | Appiah-Adu, Kwaku. |
| 245 10 - TITLE STATEMENT | |
| Title | Key determinants of national development : |
| Remainder of title | historical perspectives and implications for developing economies / |
| Statement of responsibility, etc. | edited by Kwaku Appiah-Adu and Mahamudu Bawumia. |
| 260 ## - PUBLICATION, DISTRIBUTION, ETC. | |
| Place of publication, distribution, etc. | England |
| Name of publisher, distributor, etc. | Gower Applied Business Research |
| Date of publication, distribution, etc. | c2015 |
| 300 ## - PHYSICAL DESCRIPTION | |
| Extent | xxiv, 391 pages : |
| Other physical details | illustrations ; |
| Dimensions | 25 cm |
| 650 #0 - SUBJECT ADDED ENTRY--TOPICAL TERM | |
| Topical term or geographic name entry element | Economic development. |
| 700 1# - ADDED ENTRY--PERSONAL NAME | |
| Personal name | Bawumia, Mahamudu. |
| 942 ## - ADDED ENTRY ELEMENTS (KOHA) | |
| Source of classification or shelving scheme | Library of Congress Classification |
| Koha item type | Books |
| Suppress in OPAC | No |
| 999 ## - | |
| -- | 231 |
| -- | 231 |
| Withdrawn status | Lost status | Source of classification or shelving scheme | Damaged status | Not for loan | Collection | Home library | Current library | Shelving location | Date acquired | Total checkouts | Full call number | Barcode | Date last seen | Copy number | Price effective from | Koha item type |
|---|---|---|---|---|---|---|---|---|---|---|---|---|---|---|---|---|
| Library of Congress Classification | Non-fiction | Business Library (Miotso) | Business Library (Miotso) | General stacks | 02/07/2025 | HC59.7.A8218 APP | BSSM00000732 | 02/07/2025 | 5 | 02/07/2025 | Books | |||||
| Library of Congress Classification | Non-fiction | Business Library (Miotso) | Business Library (Miotso) | General stacks | 02/07/2025 | HC59.7.A8218 APP | BSSM00000733 | 02/07/2025 | 6 | 02/07/2025 | Books | |||||
| Library of Congress Classification | Non-fiction | Business Library (Miotso) | Business Library (Miotso) | General stacks | 02/07/2025 | HC59.7.A8218 APP | BSSM00000734 | 02/07/2025 | 7 | 02/07/2025 | Books | |||||
| Library of Congress Classification | Non-fiction | Business Library (Miotso) | Business Library (Miotso) | General stacks | 02/07/2025 | HC59.7.A8218 APP | BSSM00000735 | 02/07/2025 | 8 | 02/07/2025 | Books | |||||
| Library of Congress Classification | Non-fiction | Business Library (Miotso) | Business Library (Miotso) | General stacks | 02/07/2025 | HC59.7.A8218 APP | BSSM00000736 | 02/07/2025 | 9 | 02/07/2025 | Books | |||||
| Library of Congress Classification | Non-fiction | Graduate Library (Christ Temple) | Graduate Library (Christ Temple) | General stacks | 11/11/2024 | HC59.7.A8218 APP | gsct00000015 | 11/11/2024 | 1 | 11/11/2024 | Books | |||||
| Library of Congress Classification | Non-fiction | Graduate Library (Christ Temple) | Graduate Library (Christ Temple) | General stacks | 12/03/2024 | HC59.7.A8218 APP | GSCT 00000221 | 12/03/2024 | 1 | 12/03/2024 | Books | |||||
| Library of Congress Classification | Non-fiction | Law Library (Miotso) | Law Library (Miotso) | Reference | 10/25/2024 | HC59.7.A8218 APP | llm00000276 | 10/25/2024 | 1 | 10/25/2024 | Books | |||||
| Library of Congress Classification | Non-fiction | Law Library (Miotso) | Law Library (Miotso) | General stacks | 10/30/2024 | HC59.7.A8218 | llm00000352 | 10/30/2024 | 2 | 10/30/2024 | Books | |||||
| Library of Congress Classification | Non-fiction | Undergraduate Library (Christ Temple) | Undergraduate Library (Christ Temple) | General stacks | 05/23/2025 | HC59.7.A8218 APP | ulct00002623 | 05/23/2025 | 1 | 05/23/2025 | Books | |||||
| Library of Congress Classification | Non-fiction | Undergraduate Library (Christ Temple) | Undergraduate Library (Christ Temple) | General stacks | 05/23/2025 | HC59.7.A8218 APP | ulct00002624 | 05/23/2025 | 2 | 05/23/2025 | Books |